2024年の東大合格者数が50人以上の高校 ーサドンデスー - Statistics

General Stats
  • This quiz has been taken 269 times
  • The average score is 4 of 9
Answers on the Grid
Answers color-coded by a green-red scale on the quiz's grid according to % correct below.
ラ・サール
久留米大附設
仙台第二
北野
女子学院
宇都宮
市川
日比谷
早稲田
旭丘
東京学芸大附属
栄光学園
桜蔭
横浜翠嵐
武蔵
浅野
海城
渋幕
渋渋
湘南
甲陽学院
県立浦和
県立船橋
筑筑
筑駒
聖光学院
西大和学園
豊島岡女子
開成
駒場東邦
麻布
 
Answer Stats
Answer % Correct
開成
72%
66%
筑駒
58%
日比谷
51%
聖光学院
42%
桜蔭
40%
渋幕
35%
麻布
35%
西大和学園
20%
No matching quizzes found
Score Distribution
Percent of People with Each Score
Percentile by Number Answered
Your Score History
You have not taken this quiz